000 00377nam a2200145Ia 4500
008 230411s9999 xx 000 0 und d
020 _a910728-20-8
041 _aeng
082 _aOG/363.46/WIL/B01916
100 _aWillke J C
_9177113
245 _aAbortion : Questions and answers.
260 _bHayes publishing
_aHamilton
_c1990
300 _a326p
999 _c153157
_d153157